Tomorrow`s office : creating effective and humane interiors. (Record no. 96339)

MARC details
000 -LEADER
fixed length control field 00903cam a2200265 4500
008 - FIXED-LENGTH DATA ELEMENTS--GENERAL INFORMATION
fixed length control field 090401t1997 xxu||||| |||| 00| 0 eng d
020 ## - INTERNATIONAL STANDARD BOOK NUMBER
International Standard Book Number 041921240X
035 ## - SYSTEM CONTROL NUMBER
System control number (Sirsi) u77650
041 ## - LANGUAGE CODE
Language code of text/sound track or separate title eng
050 ## - LIBRARY OF CONGRESS CALL NUMBER
Classification number 725.23
100 ## - MAIN ENTRY--PERSONAL NAME
Personal name Raymond, Santa
245 ## - TITLE STATEMENT
Title Tomorrow`s office : creating effective and humane interiors.
260 ## - PUBLICATION, DISTRIBUTION, ETC.
Place of publication, distribution, etc. London
Name of publisher, distributor, etc. E & E N Spon
Date of publication, distribution, etc. 1997
300 ## - PHYSICAL DESCRIPTION
Extent vii,200p. : ill. ; 27cm.
350 ## - PRICE (NR) (BK AM CF MU VM SE) [OBSOLETE]
Price 39.95
520 ## - SUMMARY, ETC.
Summary, etc. Provides examples of how the workplace can respond to the demands placed by technology, globalisation and competition to produce better office interiors and therefore an effective workplace.
650 ## - SUBJECT ADDED ENTRY--TOPICAL TERM
Topical term or geographic name entry element BUILT ENVIRONMENT-CONSTRUCTION DESIGN
650 ## - SUBJECT ADDED ENTRY--TOPICAL TERM
Topical term or geographic name entry element INTERIOR DESIGN
650 ## - SUBJECT ADDED ENTRY--TOPICAL TERM
Topical term or geographic name entry element OFFICE DESIGN
650 ## - SUBJECT ADDED ENTRY--TOPICAL TERM
Topical term or geographic name entry element OFFICES
690 ## - LOCAL SUBJECT ADDED ENTRY--TOPICAL TERM (OCLC, RLIN)
Topical term or geographic name as entry element BUILT ENVIRONMENT-CONSTRUCTION DESIGN
700 ## - ADDED ENTRY--PERSONAL NAME
Personal name Cunliffe, Raymond
942 ## - ADDED ENTRY ELEMENTS (KOHA)
Suppress in OPAC 0
948 ## - LOCAL PROCESSING INFORMATION (OCLC); SERIES PART DESIGNATOR (RLIN)
c (OCLC) 08/04/1997
Holdings
Withdrawn status Lost status Source of classification or shelving scheme Damaged status Not for loan Home library Current library Shelving location Date acquired Cost, normal purchase price Total Checkouts Full call number Barcode Date last seen Date last checked out Copy number Cost, replacement price Price effective from Koha item type
    Other/Generic Classification Scheme     London London Folio 12/05/1997 39.95 4 F725.23 RAY 30052811 06/08/2019 03/02/2009 1 39.95 06/08/2019 Book